Avistaje de aves : (Registro nro. 32612)
[ vista simple ]
| 000 -CABECERA | |
|---|---|
| campo fijo de control de longitud | 01280nab a2200301 4500 |
| 003 - IDENTIFICADOR DEL NÚMERO DE CONTROL | |
| campo de control | AR-RoBPED |
| 005 - FECHA Y HORADE LA ULTIMA TRANSACCION | |
| campo de control | 20260423143620.0 |
| 008 - ELEMENTOS DE LONGITUD FIJA--INFORMACION GENERAL | |
| campo fijo de control de longitud | 260423b |||||||| |||| 00| 0 spa d |
| 040 ## - FUENTE CATALOGADORA | |
| Centro catalogador/agencia de origen | AR-RoBPED |
| 041 ## - IDIOMA | |
| Código de idioma para texto/pista de sonido o título independiente | spa |
| 100 1# - ENCABEZAMIENTO PRINCIPAL--AUTOR PERSONAL | |
| Nombre de persona | Cisneros, Claudia E. |
| 9 (RLIN) | 30797 |
| Función | Profesora en Ciencias de la Educación |
| 245 1# - TITULO | |
| Título | Avistaje de aves : |
| Subtítulo | experiencia interáreas en educación primaria / |
| 260 ## - PUBLICACION | |
| Lugar | Buenos Aires : |
| Editor | Noveduc, |
| Fecha | 2024 |
| 300 ## - DESCRIPCION FISICA | |
| Extensión | 34-36 p. |
| 500 ## - NOTA GENERAL | |
| Nota general | Se comparte una experiencia desarrollada desde las áreas de Plástica y Ciencias Naturales con estudiantes de quinto grado de la Escuela Primaria N° 66 "Estado de Israel" ubicada en la ciudad de General Pico, provincia de La Pampa. |
| 650 #7 - TERMINO DE MATERIA--CONTROLADO | |
| Término controlado | AVES |
| 9 (RLIN) | 1567 |
| Término controlado | VISITAS GUIADAS |
| 9 (RLIN) | 24269 |
| Término controlado | RESERVAS NATURALES |
| 9 (RLIN) | 35 |
| Término controlado | APRENDIZAJE |
| 9 (RLIN) | 560 |
| Término controlado | CIENCIAS NATURALES |
| 9 (RLIN) | 535 |
| Término controlado | PLASTICA |
| 9 (RLIN) | 18130 |
| Término controlado | EXPERIENCIA PEDAGOGICA |
| 9 (RLIN) | 3265 |
| Término controlado | NIVEL PRIMARIO |
| 9 (RLIN) | 18876 |
| 700 1# - ENCABEZAMIENTO SECUNDARIO--AUTOR PERSONAL | |
| Nombre de persona | Sciarrotta, Lucrecia |
| 9 (RLIN) | 30798 |
| Función | Profesora en Artes Visuales |
| 773 0# - DOCUMENTO FUENTE | |
| Host Biblionumber | 20414 |
| Host Itemnumber | 41866 |
| Place, publisher, and date of publication | Buenos Aires : Noveduc, 1993- |
| Título | Novedades Educativas |
| Record control number | (AR-RoBPED)20414 |
| International Standard Serial Number | 03283534 |
| 942 ## - ELEMENTOS KOHA | |
| Fuente de clasificación | Universal Decimal Classification |
| Koha tipo de ítem | Revistas |
| Clasificación | 37(05) |
| Signatura librística | Nov 86 N° 398 (Sept.2024) |
| Número Koha | k.32612 |
| 945 ## - PROCESAMIENTO DE LA INFORMACIÓN LOCAL | |
| Catalogador y fecha | mar 04/2026 |
No hay ítems disponibles.